LEADER 02728nam a2200457 u 4500 001 000000029483 003 CaOOAMICUS 005 20070226111924.0 008 970317m19929999gw u000 u ger u 020 $a3110102234 020 $a3110103710 020 $a3110150069 035 $a10756192 040 $aEFR$bita$dAAR$dBSR$dPUL(R) 041 0 $ager$aeng$aita$afre 245 00$aAufstieg und Niedergang der römischen Welt (ANRW) :$bGeschichte und Kultur Roms im Spiegel der neueren Forschung.$nTeil II,$pPrincipat.$nBand 26.$pReligion (Vorkonstantinisches Christentum: Neues Testament [Sachthemen]) /$chrsg. von Wolfgang Haase. 246 30$aPrincipat 246 30$aReligion (Vorkonstantinisches Christentum: Neues Testament [Sachthemen]) 246 11$aRise and decline of the Roman world 260 $aBerlin ;$aNew York :$bDe Gruyter,$c1992-<1996>. 300 $a3 v. ;$c25 cm 500 $aOn added t.p. parallel title in English: Rise and decline of the Roman world. 504 $aIncludes bibliographical references. 600 10$aVogt, Joseph,$d1895-1986.$2//eng$0(OLS)http://pul/subject/16776 650 0$aChurch history$yPrimitive and early church, ca. 30-600.$2//eng$0(OLS)http://pul/subject/135 651 0$aRome$xCivilization.$2//eng$0(OLS)http://pul/subject/3126 700 1 $aHaase, Wolfgang,$d1940-$0(OLS)http://pul/name/15596 850 $aPUL 852 $aPUL$W1$xSL Filosofia 1$y2$m118(1) A 2.II.26/1$j118548$nBK-PRI$av. 1 $qStampati$B40853$CPULBib$Z2$F40853 $H69282 $81 852 $aPUL$W1$xSL Filosofia 1$y2$m118(1) A 2.II.26/2$j118549$nBK-PRI$av. 2$qStampati$B118424$CPULBib$Z2$F118424 $H74414 $81 852 $aPUL$W1$xSL Filosofia 1$y2$m118(1) A 2.II.26/3$j118550$nBK-PRI$av. 3$qStampati$B118425$CPULBib$Z2$F118425 $H76865 $81 941 1 $a8 961 $aINV: 69282; 74414; 76865. 996 $6020$a3110102234$9(OLS)http://pul/number/36881 996 $6020$a3110103710$9(OLS)http://pul/number/36882 996 $6020$a3110150069$9(OLS)http://pul/number/36883 996 $6245$aAufstieg und Niedergang der römischen Welt (ANRW) :$bGeschichte und Kultur Roms im Spiegel der neueren Forschung.$nTeil II,$pPrincipat.$nBand 26.$pReligion (Vorkonstantinisches Christentum: Neues Testament [Sachthemen])$9(OLS)http://pul/title/40363 996 $6246$aPrincipat$9(OLS)http://pul/title/24775 996 $6246$aReligion (Vorkonstantinisches Christentum: Neues Testament [Sachthemen])$9(OLS)http://pul/title/40364 996 $6246$aRise and decline of the Roman world$9(OLS)http://pul/title/24774 996 $6260$aBerlin ;$aNew York :$bDe Gruyter$9(OLS)http://pul/publisher/60281 LEADER 01324nam a2200325 a 4500 001 000000156725 003 CaOOAMICUS 005 20161125102801.0 008 161125s2009 it u000 u ita r 020 $a978-88-548-2550-5* 032 $aLibriCat 040 $aPUL$bita 082 04$a321 100 1 $aVecchio Cairone, Ivana.$0(OLS)http://pul/name/97607 245 10$aForme di Stato e forme del sacro :$bpercorsi storici /$cIvana Vecchio Cairone. 260 $aRoma :$bAracne,$c©2009. 300 $a142 p. ;$c24 cm. 490 1 $aA12 ;$v254 504 $aBibliografia in nota. 650 4$aStato$zEuropa$xStoria.$0(OLS)http://pul/subject/44011 650 4$aStato$xConcetto$xStoria.$0(OLS)http://pul/subject/10055 830 0$aA 12. Scienze giuridiche (Aracne) ;$v254.$0(OLS)http://pul/title/136652 850 $aPUL 852 $aPUL$W1$xSL Diritto e Scienze Sociali 3$y79$m321 VECIV 1$j180008$qDDC 21$B183131$CPULBib$Z2$F183131 $H128389 $81 941 1 $a9 996 $6020$a978-88-548-2550-5*$9(OLS)http://pul/number/161514 996 $6082$a321$9(OLS)http://pul/classification/1935 996 $6245$aForme di Stato e forme del sacro :$bpercorsi storici$9(OLS)http://pul/title/196333 996 $6260$aRoma :$bAracne$9(OLS)http://pul/publisher/62189